00881nam a2200241Ia 4500003000400000005001700004008004100021020001800062040001800080041000800098082002200106100002600128245008200154250001200236260005300248300002900301650005000330650003300380700002600413942003100439999001900470952015000489OSt20220921142848.0210716s2015 xx 000 0 und d a9781259063718 cAIMIT LIBRARY aeng a005.448 21bDOSA aDoss, Aravind.958114 aCloud computing :ba practitioners guide /cBy Aravind Doss and Rajeev Nanda. a1st ed. aNew Delhi :bMc Graw Hill Book Company ,c2015 . axvi, 286p. ;bPBc23 cm. 2Primer on some of the leading cloud providers 2Cloud solutions and services aNanda, Rajeev.958115 2ddccBKe1stk005.448 DOSA c195077d195077 00102ddc40708MCAaAIMITbAIMITeKnowledge Worldg599.00iBill no:218 l0o005.448 DOSApMCA14586r2025-07-21 00:00:00v449.25w2021-07-16yBK